| 000 | 02278Cam#a22005295a#4500 | ||
|---|---|---|---|
| 003 | AR-RoUNA | ||
| 008 | 140529||||||||||||||||| |||| 0|||| d | ||
| 020 | _a950-602-112-0 | ||
| 040 |
_aAR-RoUNA _bspa |
||
| 041 | _aspa | ||
| 044 | _aag | ||
| 080 | _a316.75 | ||
| 092 | _lM244 | ||
| 100 |
_aMaldonado, Tomas _d1922- _915294 |
||
| 245 |
_aAmbiente humano e ideologia : _bnotas para una ecología crítica / _cTomás Maldonado |
||
| 250 | _a2a. ed. | ||
| 260 |
_aBuenos Aires : _bNueva Vision, _c1985 |
||
| 300 |
_a167 p. : _c18x12 cm |
||
| 500 | _aIndice de nombres citados p. 161-166 | ||
| 505 | 0 | _tINDICE | |
| 505 | 0 | _tPrefacio a la edición española. p. 11 | |
| 505 | 0 | _t1. Ambiente, naturaleza, alienación. p. 13 | |
| 505 | 0 | _t2. Ambiente humano y dialéctica de lo concreto. p. 19 | |
| 505 | 0 | _t3. Racionalidad y represión. p. 27 | |
| 505 | 0 | _t4. Nuevos utopistas. p. 36 | |
| 505 | 0 | _t5. Proyectación y política. p.43 | |
| 505 | 0 | _t6. Congestión explosiva. p. 47 | |
| 505 | 0 | _t 7. Desechos residuos, escorias. p. 51 | |
| 505 | 0 | _t8. Desesperada esperanza. p. 55 | |
| 505 | 0 | _t 9. Realidad del mesocosmos. p. 60 | |
| 505 | 0 | _t10. laberinto de la complejidad. p. 63 | |
| 505 | 0 | _t11. Desurbanización y desocialización. p. 67 | |
| 505 | 0 | _t 12. La idea de sistema. p. 71 | |
| 505 | 0 | _t13. Revolución y estrategia de la innovación. p. 75 | |
| 505 | 0 | _t14. Acción espontánea y poder. p. 79 | |
| 505 | 0 | _t15. Las vegas y el abuso semiológico. p. 83 | |
| 505 | 0 | _t16. Hacia una praxealogia de la proyección. p 91 | |
| 520 | 3 | _aEN este ensayo Tomas Maldonado formula una incisiva denuncia contra la degradación de nuestro ambiente físico, es decir, contra el tremendo abuso que sufren hoy los tres componentes fundamentales de nuestro sistema biótico: el agua, el aire y el suelo. Pero el problema no e abordado de manera aislada; la originalidad del enfoque de Maldonado consiste, sobre todo, en el rico y estimulante contexto en que desarrolla su discurso crítico. | |
| 653 | _aEcologia | ||
| 653 | _aMedio Ambiente | ||
| 653 | _aResiduos | ||
| 653 | _aAmbiente humano | ||
| 908 | _aImp | ||
| 942 |
_2udc _cLIB |
||
| 945 | _d2026-04-16 | ||
| 980 |
_65 _aMaría Machado _85 _gMaría Machado |
||
| 999 |
_c12388 _d12388 |
||